00349nam a2200157Ia 45000010006000000050017000060080041000230410008000640820018000721000035000902450014001252600009001393000027001486500008001756540008001832408820260414151020.0260414t2015||||xx |||||||||||||| ||spa|| aESP a770.9856bR73 aRodrich Portugal, RodrigoeAUT 0aAyavirib c2015 a87 páginas :c29 cm. aABD aCAU